000 00956nas a2200313 4500
001 BR2013010299
003 BR-BrBNA
005 20231205123424.0
007 ta
008 230509b bl.|||p| |||| 00| 00por d
040 _aBR-BrBNA
_bpor
_cBiblioteca Nacional de Agricultura
041 _a(Pt)
072 _aK10
100 1 _aSanquetta, C.R.
100 1 _aCorte, A.P.D.
100 1 _aRoglin, A.
100 1 _aPimentel, A.
245 1 _aRelações diâmetro-altura para espécies lenhosas em um fragmento de floresta Ombrófila Mista no sul do Paraná
650 _aFLORESTA
650 _aARAUCARIA ANGUSTIFOLIA
650 _aPINHEIRO-DO-PARANÁ
650 _aDIÂMETRO
650 _aALTURA
650 _aINVENTÁRIO FLORESTAL
650 _aPARANÁ
773 0 _tIheringia. Série Botânica (Brazil)
_xISSN 0073-4705
_g(Jun 2013), v. 68(1) p. 103-114
_wBR2013010299
909 _a202311
_bLúcia
_c55
_dLúcia Elande
942 _2AGRIS
_n0
_cANA
999 _c233796
_d233796